000 00854nam a2200253Ia 4500
005 20211111074508.0
008 130821s2004 sp gr spa
020 _a8434413000
040 _aCo-BoUCM
_bspa
041 0 0 _aspa
245 0 0 _aHistoria del periodismo universal
_cCarlos Barrera, coordinador
260 _aBarcelona (España)
_bEditorial Ariel
_c2004
300 _a417 páginas
490 0 _aAriel Comunicación
500 _aIncluye índice general
650 0 4 _aMedios de comunicación de masas
_xHistoria
_919235
650 0 4 _aPeriodismo
_921340
650 0 4 _aPeriodismo
_xHistoria
_934761
650 0 4 _aPolítica y medios de comunicación de masas
_922044
650 0 4 _aPrensa
_xHistoria
_922205
700 1 _aBarrera, Carlos
_ecoord.
_9163143
942 _cLIBRO
_a24
_e1
_mH673h
_2DEWEY
_h070.9
999 _c51322
_d51322